000 00258nam a22001097a 4500
082 _a900/FAT
100 _aFatah,Tarek
_983477
245 _aThe Tragic illusion of an Islamic State
260 _aDelhi
_bKautilya Books
_c2022
650 _aHistory
942 _cBK
999 _c68406
_d68406